[Event "Steyr Landesliga 1617"]
[Site "Austria"]
[Date "2017.01.21"]
[Round "6.5"]
[White "Schieder, Andreas"]
[Black "Schreibmaier, Rene"]
[Result "1-0"]
[WhiteElo "2195"]
[BlackElo "1950"]
[PlyCount "43"]
[EventDate "2016.10.01"]
[EventType "team-tourn"]
[EventRounds "11"]
[EventCountry "AUT"]
[SourceTitle "EXT 2018"]
[Source "ChessBase"]
[SourceDate "2017.10.13"]
[SourceVersion "1"]
[SourceVersionDate "2017.10.13"]
[SourceQuality "1"]
[WhiteTeam "Pinggau Friedberg"]
[BlackTeam "Trofaiach Niklasdorf"]
[WhiteTeamCountry "AUT"]
[BlackTeamCountry "AUT"]

1. e4 c6 2. d4 d5 3. f3 dxe4 4. fxe4 e5 5. Nf3 exd4 6. Bc4 Be6 7. Bxe6 fxe6 8. 0-0 Nf6 9. e5 Nd5 10. Nxd4 Bc5 11. Kh1 Bxd4 12. Qxd4 Nd7 13. Na3 Qb6 14. Qg4 0-0-0 15. Nc4 Qc5 16. b4 Qxb4 17. Ba3 Qc3 18. Rab1 Rhf8 19. Bxf8 Nxf8 20. Nd6+ Kb8 21. Rxf8 Rxf8 22. Qxg7 1-0

[Event "Steyr Landesliga 1617"]
[Site "Austria"]
[Date "2016.11.05"]
[Round "4.6"]
[White "Schreibmaier, Rene"]
[Black "Matosec, Thomas"]
[Result "0-1"]
[WhiteElo "1950"]
[BlackElo "2133"]
[PlyCount "64"]
[EventDate "2016.10.01"]
[EventType "team-tourn"]
[EventRounds "11"]
[EventCountry "AUT"]
[SourceTitle "EXT 2018"]
[Source "ChessBase"]
[SourceDate "2017.10.13"]
[SourceVersion "1"]
[SourceVersionDate "2017.10.13"]
[SourceQuality "1"]
[WhiteTeam "Trofaiach Niklasdorf"]
[BlackTeam "Styria"]
[WhiteTeamCountry "AUT"]
[BlackTeamCountry "AUT"]

1. d4 Nf6 2. c4 c5 3. e3 g6 4. Nf3 Bg7 5. Nc3 0-0 6. Be2 cxd4 7. Nxd4 d5 8. 0-0 e5 9. Nf3 e4 10. Nd4 Re8 11. Qc2 Nc6 12. Nxc6 bxc6 13. b3 Bg4 14. Bb2 Qc7 15. h3 Bf5 16. Rac1 d4 17. exd4 e3 18. Bd3 exf2+ 19. Rxf2 Bh6 20. Bxf5 Bxc1 21. Qxc1 Qg3 22. Bg4 Nxg4 23. hxg4 Qxg4 24. Qf4 Re1+ 25. Kh2 Qh5+ 26. Kg3 g5 27. Qg4 Qg6 28. Qf5 Qd6+ 29. Kg4 Qxd4+ 30. Kg3 Qh4+ 31. Kf3 Rae8 32. Ne2 g4+ 0-1

[Event "Steyr Landesliga 1617"]
[Site "Austria"]
[Date "2016.10.15"]
[Round "2.5"]
[White "Preck, Helmut"]
[Black "Schreibmaier, Rene"]
[Result "1/2-1/2"]
[WhiteElo "2049"]
[BlackElo "1950"]
[PlyCount "41"]
[EventDate "2016.10.01"]
[EventType "team-tourn"]
[EventRounds "11"]
[EventCountry "AUT"]
[SourceTitle "CBM 175 Extra"]
[Source "ChessBase"]
[SourceDate "2016.12.12"]
[SourceVersion "1"]
[SourceVersionDate "2016.12.12"]
[SourceQuality "1"]
[WhiteTeam "Austria"]
[BlackTeam "Trofaiach Niklasdorf"]
[WhiteTeamCountry "AUT"]
[BlackTeamCountry "AUT"]

1. d4 d5 2. Nf3 Nf6 3. e3 c5 4. c3 Nc6 5. dxc5 a5 6. Bb5 e6 7. b4 Bd7 8. Qb3 Be7 9. Bb2 0-0 10. Be2 axb4 11. cxb4 b6 12. 0-0 bxc5 13. bxc5 Bxc5 14. Nbd2 Qb8 15. Rfc1 Bd6 16. h3 Qxb3 17. Nxb3 Rfb8 18. Bd4 Nb4 19. a3 Nc6 20. Bc5 Bh2+ 21. Nxh2 1/2-1/2

[Event "Neumarkt am Wallersee op 15th"]
[Site "Neumarkt am Wallersee"]
[Date "2016.08.26"]
[Round "7"]
[White "Kratschmer, Heinz"]
[Black "Schreibmaier, Rene"]
[Result "0-1"]
[WhiteElo "2044"]
[BlackElo "1832"]
[PlyCount "104"]
[EventDate "2016.08.20"]
[EventType "swiss"]
[EventRounds "9"]
[EventCountry "AUT"]
[SourceTitle "CBM 174 Extra"]
[Source "ChessBase"]
[SourceDate "2016.10.10"]
[SourceVersion "1"]
[SourceVersionDate "2016.10.10"]
[SourceQuality "1"]

1. d4 d5 2. Nf3 Nf6 3. c4 c6 4. Nc3 e6 5. Bg5 Bb4 6. Qc2 Nbd7 7. a3 Bxc3+ 8. Qxc3 0-0 9. e3 h6 10. Bxf6 Nxf6 11. Bd3 b6 12. 0-0 Bb7 13. Rfd1 Rc8 14. c5 Re8 15. Ne5 Nd7 16. Nxd7 Qxd7 17. Rac1 Qe7 18. f4 f6 19. Rf1 e5 20. dxe5 fxe5 21. Bg6 Rf8 22. Qxe5 Qxe5 23. fxe5 Rxf1+ 24. Rxf1 Rc7 25. cxb6 axb6 26. b4 Re7 27. e6 Ba6 28. Bf7+ Kh7 29. Rc1 Bc4 30. a4 g5 31. e4 Kg7 32. e5 Ra7 33. Bh5 Kf8 34. Ra1 Ke7 35. Bg4 Ra8 36. Bf5 Rf8 37. g4 Rd8 38. Rc1 Ra8 39. Ra1 Rb8 40. Kf2 Ra8 41. Ke3 Bb5 42. a5 bxa5 43. Rxa5 Rxa5 44. bxa5 c5 45. Bd3 Bc6 46. Ba6 Kxe6 47. Bc8+ Kxe5 48. a6 Kd6 49. Bf5 Kc7 50. Bd3 Kb6 51. Be2 d4+ 52. Kd2 Bd5 0-1

[Event "Steyr Landesliga 1516"]
[Site "Austria"]
[Date "2016.03.05"]
[Round "8.8"]
[White "Pittino, Pascal"]
[Black "Schreibmaier, Rene"]
[Result "1/2-1/2"]
[WhiteElo "1775"]
[BlackElo "1481"]
[PlyCount "92"]
[EventDate "2015.09.26"]
[EventType "team-tourn"]
[EventRounds "11"]
[EventCountry "AUT"]
[SourceTitle "EXT 2017"]
[Source "ChessBase"]
[SourceDate "2016.10.25"]
[SourceVersion "1"]
[SourceVersionDate "2016.10.25"]
[SourceQuality "1"]
[WhiteTeam "Gamlitz"]
[BlackTeam "Trofaiach Niklasdorf"]
[WhiteTeamCountry "AUT"]
[BlackTeamCountry "AUT"]

1. e4 c6 2. d4 d5 3. Nc3 dxe4 4. Nxe4 Bf5 5. Ng3 Bg6 6. Nf3 Nd7 7. Bd3 Bxd3 8. Qxd3 e6 9. 0-0 Ngf6 10. Bg5 Be7 11. Rad1 0-0 12. Rfe1 Re8 13. c4 Qc7 14. Ne4 h6 15. Bh4 Rad8 16. Nc3 Ng4 17. Bxe7 Rxe7 18. d5 Nde5 19. Nxe5 Nxe5 20. d6 Nxd3 21. dxc7 Rxc7 22. Re2 Rcd7 23. Red2 Ne5 24. Rxd7 Rxd7 25. Rxd7 Nxd7 26. Ne4 c5 27. Nd6 b6 28. Kf1 Kf8 29. Nc8 a6 30. Ke2 f5 31. Ke3 Kf7 32. h4 Kf6 33. g3 g5 34. hxg5+ hxg5 35. f3 Ke5 36. Kd3 f4 37. g4 Kf6 38. Ke4 Kf7 39. a4 Kf6 40. Nd6 Ke7 41. Nc8+ Kf6 42. Nd6 a5 43. Nc8 Kf7 44. Nd6+ Kg6 45. Nc8 Nf6+ 46. Kd3 Nd7 1/2-1/2